THE MASALA ART INDIAN HAUTI CUISINE (Record no. 15900)

MARC details
000 -LEADER
fixed length control field 00283nam a22001337a 4500
003 - CONTROL NUMBER IDENTIFIER
control field SGT
020 ## - INTERNATIONAL STANDARD BOOK NUMBER
International Standard Book Number 8174367578
082 ## - DEWEY DECIMAL CLASSIFICATION NUMBER
Item number OBE
100 ## - MAIN ENTRY--PERSONAL NAME
Personal name OBEROI, HEMANT
245 ## - TITLE STATEMENT
Title THE MASALA ART INDIAN HAUTI CUISINE
260 ## - PUBLICATION, DISTRIBUTION, ETC. (IMPRINT)
Name of publisher, distributor, etc LUSTRE PRESS
Year of Publication 2015
300 ## - PAGE DESCRIPTION
No. of Pages 144
942 ## - ADDED ENTRY ELEMENTS (KOHA)
Source of classification or shelving scheme Dewey Decimal Classification
Koha item type Books
942 ## - ADDED ENTRY ELEMENTS (KOHA)
-- 1
Holdings
Withdrawn status Lost status Source of classification or shelving scheme Damaged status Not for loan Collection code Home library Current library Shelving location Date acquired Vendor Name SGTU Full call number Accession No. (Barcode) Date last seen Bill Date Koha item type Total Checkouts Date last borrowed
    Dewey Decimal Classification   Not For Loan HOTEL MANAGEMENT SGT Science & Social Sciences Library SGT Science & Social Sciences Library Reference Book 31/08/2018 JINDAL BOOK COMPANY SGTU OBE HM901 31/08/2018 31/08/2018 Books    
    Dewey Decimal Classification     HOTEL MANAGEMENT SGT Science & Social Sciences Library SGT Science & Social Sciences Library Text Book 31/08/2018 JINDAL BOOK COMPANY SGTU OBE HM902 22/10/2018 31/08/2018 Books 1 17/09/2018
    Dewey Decimal Classification     HOTEL MANAGEMENT SGT Science & Social Sciences Library SGT Science & Social Sciences Library Text Book 31/08/2018 JINDAL BOOK COMPANY SGTU OBE HM903 15/02/2019 31/08/2018 Books 2 08/02/2019
    Dewey Decimal Classification     HOTEL MANAGEMENT SGT Science & Social Sciences Library SGT Science & Social Sciences Library Text Book 31/08/2018 JINDAL BOOK COMPANY SGTU OBE HM904 03/02/2025 31/08/2018 Books 1 20/01/2025
    Dewey Decimal Classification     HOTEL MANAGEMENT SGT Science & Social Sciences Library SGT Science & Social Sciences Library Text Book 31/08/2018 JINDAL BOOK COMPANY SGTU OBE HM905 08/02/2019 31/08/2018 Books 1 31/01/2019